| 000 | 01081nam a22002657a 4500 | ||
|---|---|---|---|
| 005 | 20170124103048.0 | ||
| 010 | _aA-387630 | ||
| 020 | _c11.00 | ||
| 035 | _aA-387630 | ||
| 037 | _bCen Lib/Ret | ||
| 040 |
_aDPL _bHN |
||
| 082 |
_aउ _bमहानो |
||
| 100 |
_aमहानोर, ना. धों. _947202 |
||
| 245 |
_aगांधारी / _cना. धों. महानोर; अनुवादक निशिकांत ठकार |
||
| 246 |
_aGandhari / _bby N.Dho.Mahanor; anuvadka Nishikant Thakaar |
||
| 260 |
_aनयी दिल्ली _bनेशनल बुक ट्रस्ट _c1988 |
||
| 270 |
_bनयी दिल्ली _aए-5, ग्रीन पार्क _e110016 |
||
| 300 |
_axiii, 91पृ. _c21सेमी (सजिल्द) |
||
| 650 |
_aमराठी साहित्य _969682 |
||
| 650 |
_aउपन्यास _969683 |
||
| 650 |
_aMarathi literature _930394 |
||
| 650 |
_aFiction _98901 |
||
| 700 |
_aठकार, निशिकांत _969684 |
||
| 942 |
_2ddc _cHN _hउ _mमहानो |
||
| 999 |
_c117034 _d117034 |
||